000 00681cam a22002171 4500
001 af 48004350
003 DLC
005 20260227110907.0
008 890503s1944 cs a 000 0 ger c
010 _aaf 48004350
035 _a(OCoLC)19652279
040 _aPennsylvania. Univ. Libr.
_cCU
_dDLC
042 _apremarc
050 0 0 _aPT2621.R566
_bS8 1944
100 1 _aKrick, Julius,
_d1869-1939.
245 1 0 _aStadt an der March,
_balt-Olmützer Geschichten.
_cMit einer Einfrührung von Richard Zimprich. Bilder von Rudolf Mather.
250 _a2. Aufl.
260 _aOlmütz,
_bL. Kullil,
_c1944.
300 _axix, 284 p.
_billus.
_c20 cm.
700 1 _aZimprich, Richard,
_eed.
999 _c6000
_d6000